Bible Books - Statistics

General Stats
  • This quiz has been taken 32 times
  • The average score is 31 of 66
Answer Stats
Hint Answer % Correct
Old Testament Genesis
96%
Exodus
92%
New Testament Matthew
88%
John
85%
Luke
81%
Mark
81%
Leviticus
77%
Job
73%
Acts
65%
Revelation
65%
Joshua
62%
Ruth
62%
Deuteronomy
58%
Numbers
58%
Proverbs
58%
Psalms
58%
Romans
58%
2 John
54%
1 John
50%
Isaiah
50%
Jeremiah
50%
Judges
50%
1 Chronicles
46%
1 Corinthians
46%
1 Kings
46%
1 Samuel
46%
2 Chronicles
46%
2 Corinthians
46%
2 Kings
46%
2 Samuel
46%
3 John
46%
Amos
46%
Ezekiel
46%
Ezra
46%
Hebrews
46%
Jude
46%
Philippians
46%
Colossians
42%
Esther
42%
Jonah
42%
1 Peter
38%
Daniel
38%
Galatians
38%
Hosea
38%
Joel
38%
Malachi
38%
Micah
38%
Nehemiah
38%
Ephesians
35%
James
35%
Lamentations
35%
Obadiah
35%
Zephaniah
35%
1 Thessalonians
31%
1 Timothy
31%
2 Thessalonians
31%
2 Timothy
31%
Nahum
31%
Titus
31%
Zecharia
31%
Habakkuk
27%
Haggai
27%
Philemon
27%
Song of Songs
23%
Ecclesiates
15%
2 Peters
12%
No matching quizzes found
Score Distribution
Percent of People with Each Score
Percentile by Number Answered
Your Score History
You have not taken this quiz